Optimalizácia výroby s využitím simulačného sys-tému Witness vo firme Aweco Appliances Slovakia k.s. [CD-ROM]
Gespeichert in:
| 1. Verfasser: | |
|---|---|
| Weitere Verfasser: | |
| Format: | Manuskript Buch |
| Sprache: | Slowakisch |
| Veröffentlicht: |
Bratislava :
STU v Bratislave SjF,
2009
|
| Schlagworte: | |
| Tags: |
Keine Tags, Fügen Sie das erste Tag hinzu!
|
MARC
| LEADER | 00000ntm a22000003a 4500 | ||
|---|---|---|---|
| 001 | stu219300 | ||
| 005 | 20150617225641.4 | ||
| 008 | 101213s2009----xo------------------slo-d | ||
| 040 | |a STU |b slo | ||
| 041 | 0 | |a slo | |
| 044 | |a xo | ||
| 100 | 1 | |a Nagy, Peter, |d 1987- |4 aut |u J0070 |U SjF Strojnícka fakulta |T SjF Ústav výrobných systémov, enviromentálnej techniky a manažment kvality |X 41189 |U J0070 |Y 804 |7 A000041189 | |
| 242 | 0 | 0 | |a Optimalization production with exploitation simula-tion system Witness at firm Aweco Appliances Slo-vakia k.s |y eng |
| 245 | 1 | |a Optimalizácia výroby s využitím simulačného sys-tému Witness vo firme Aweco Appliances Slovakia k.s. [CD-ROM] | |
| 260 | |a Bratislava : |b STU v Bratislave SjF, |c 2009 | ||
| 300 | |a 72 s | ||
| 650 | 7 | |a optimalizácia |2 stusub | |
| 650 | 7 | |a simulačný model |2 stusub | |
| 650 | 7 | |a Witness |2 estusub | |
| 650 | 7 | |a simulation models |2 estusub | |
| 650 | 7 | |a optimalization |2 estusub | |
| 700 | 1 | |a Jerz, Vladimír, |d 1957- |4 xxx |u J0070 |U SjF Strojnícka fakulta |T SjF Ústav výrobných systémov, enviromentálnej techniky a manažment kvality |X 2407 |U J0070 |Y 804 |7 A000002407 | |
| 996 | |b 284J035898 |c J*508/DP |l JJSK |s A |a 24 |w stu219300_0001 | ||